Kolotoč pracovné listy pre prípravný a 1. ročník ZŠ pre nehovoriacich, pre nižší a stredný stupeň pomocných škôl, pre 1.-5. ročník ILS osobitných škôl, pre 1.-3. ročník ZŠ pre sluchovo postihnutých

Bibliographic Details
Main Authors: Hlinková, Viktória (Author), Pravňanská, Paula (Author)
Other Authors: Kočanová, Eva (Illustrator)
Format: Book
Language:Slovak
PhysicalDescription:92 s. ilustr. (prevažne fareb.) 29 cm
Published: Bratislava Proxima press 2005
ISBN:8085454815
Edition:6. vyd.
Subjects:

MARC

LEADER 00000nam a2200000 a 4500
001 vtls008186783
003 SK-MaSNL
005 20260302074050.0
008 240318s2005 xo a c p 000 0 slo
015 |a SNBA2005/10-03612 
020 |a 8085454815  |q (brož.) 
035 |a 72EB29F0-8C34-4E5F-BD68-CF5EA797B08F 
035 |a urn:nbn:sk:snk-amkq1u 
035 |a urn:nbn:sk:snk-am005dsv 
040 |a SNK  |b slo  |c SNK  |e AACR2 
041 0 |a slo 
044 |a xo  |c SK 
072 7 |a 376  |x Výchova a vzdelávanie zvláštnych skupín osôb  |2 konspekt 
080 |a 316.344.6-056.264-053.2  |2 2001 
080 |a (075)  |2 2001 
100 1 |a Hlinková, Viktória  |4 aut  |9 44256 
245 1 0 |a Kolotoč  |b pracovné listy pre prípravný a 1. ročník ZŠ pre nehovoriacich, pre nižší a stredný stupeň pomocných škôl, pre 1.-5. ročník ILS osobitných škôl, pre 1.-3. ročník ZŠ pre sluchovo postihnutých  |c Viktória Hlavatá, Paula Pravňanská; [ilustrácie Eva Kočanová] 
250 |a 6. vyd. 
260 |a Bratislava  |b Proxima press  |c 2005 
300 |a 92 s.  |b ilustr. (prevažne fareb.)  |c 29 cm 
500 |a Voľné listy v prebale 
650 0 7 |a poruchy reči u detí  |2 SNKPH  |9 1090 
650 0 7 |a sluchovo postihnuté deti  |2 SNKPH  |9 1077 
650 0 7 |a verbálna komunikácia  |2 SNKPH  |9 1561 
650 0 7 |a rečové zručnosti  |2 SNKPH  |9 68317 
650 0 7 |a komunikačné zručnosti  |2 SNKPH  |9 2691 
650 0 7 |a logopédia  |2 SNKPH  |9 921 
655 7 |a učebnice základných škôl  |2 SNKPH  |9 70187 
655 7 |a učebnice špeciálnych základných škôl  |2 SNKPH  |9 70204 
655 7 |a pracovné listy  |2 SNKPH  |9 70565 
700 1 |a Pravňanská, Paula  |4 aut  |9 46397 
700 1 |a Kočanová, Eva  |4 ill  |9 319588 
919 |a 80-85454-81-5 
958 |a OND 
968 |d 37 
999 |c 1163540  |d 1165470 
952 |a SNK  |b SNK  |y PREZ  |7 0  |p 17A0479130  |o snkSB 70793  |i snk2005/13216  |8 0  |0 0  |1 0  |4 0  |d 2005-07-27  |f 1  |l 0  |r 2025-04-22 00:00:00  |w 2026-02-24 
952 |a SNK  |b SNK  |y VYP  |7 0  |p 17A0479129  |o snkSB 70793 D1  |i snk2005/13217  |8 0  |0 0  |1 0  |4 0  |d 2005-07-27  |f 1  |l 0  |r 2016-06-30 00:00:00  |w 2026-02-24